Football - Pays ayant gagnés la CAN (Mort Subite) - Statistiques

Statistiques générales
  • Ce quiz a été pris 339 fois
  • Le résultat moyen est 9 sur 15
Answers on the Grid
Answers color-coded by a green-red scale on the quiz's grid according to % correct below.
Egypte
Cameroun
Ghana
Nigeria
Côte d'Ivoire
Algerie
République Démocratique du Congo
Zambie
Tunisie
Soudan
Sénégal
Afrique du Sud
Maroc
Éthiopie
République du Congo
Niger
Kenya
Mali
Gabon
Zimbabwe
Libye
Tchad
République centrafricaine
Somalie
Madagascar
Libéria
Guinée
Cap-Vert
 
Statistiques - réponses
Réponse % Correct
Maroc
87%
Algerie
85%
Sénégal
84%
Egypte
81%
Côte d'Ivoire
80%
Cameroun
78%
Nigeria
74%
Tunisie
66%
Ghana
63%
Afrique du Sud
62%
République Démocratique du Congo
58%
Zambie
50%
République du Congo
33%
Soudan
24%
Éthiopie
23%
Aucun quiz correspondant
Distribution des résultats
% des personnes avec chaque résultat
Percentile par nombre de réponses
Votre historique - résultats
Vous n’avez pas pris ce quiz